|
|
|
|
| LEADER |
00000nam a22000007a 4500 |
| 005 |
20141229225752.0 |
| 007 |
cr|||| |||| |
| 008 |
141229s2014 es |||||s|||| 00||0 spa d |
| 020 |
|
|
|a 978-84-9085-118-0
|
| 035 |
|
|
|a 12530
|
| 040 |
|
|
|a vLex
|
| 090 |
|
|
|c 5308
|d 5308
|
| 100 |
1 |
|
|a Sǹchez Robert, Mara̕ Još
|
| 245 |
1 |
3 |
|a El Delito Urbans̕tico
|h [Recurso electrn̤ico] :
|b Artc̕ulo 319 del Cd̤igo Penal espaǫl /
|c Mara̕ Jos ̌Sǹchez Robert
|
| 256 |
|
|
|a Servicio en ln̕ea
|
| 260 |
|
|
|a Madrid:
|b Dykinson,
|c 2014
|
| 300 |
|
|
|a 1 recurso electrn̤ico
|
| 506 |
1 |
|
|a Disponible solo en los productos indicados
|d vLex Global
|d vLex Global (Academic Edition, excluding Law Schools)
|d vLex Global (U.S. Academic Edition, Law Schools)
|d vLex Global (U.S. Academic Edition, excluding Law Schools)
|d vLex Global (Academic Edition, Law Schools)
|
| 650 |
0 |
4 |
|a Urbanismo
|z Espaą
|
| 740 |
0 |
|
|a vLex Libros (Servicio en ln̕ea)
|
| 856 |
4 |
0 |
|u http://vlex.com/source/delito-urbanistico-12530
|z Acceso restringido
|
| 942 |
|
|
|c BOOK
|
| 999 |
0 |
|
|a Town Planning
|